[Event "Czech-ch U18-20 Girls 2022"]
[Site "Spindleruv Mlyn"]
[Date "2022.03.16"]
[Round "6.3"]
[White "Rosenbaumova, Lea"]
[Black "Kralova, Gabriela"]
[Result "1-0"]
[WhiteElo "1838"]
[BlackElo "1746"]
[Annotator "NA"]
[PlyCount "49"]
[EventDate "2022.03.13"]
[EventCountry "CZE"]
[SourceTitle "playchess.com"]
[Source "ChessBase"]
[SourceQuality "1"]

{[%evp 8,48,35,32,32767,164,32767,32767,79,78,32767,32767,57,40,74,82,76,71,98,99,135,130,168,32767,32767,32767,32767,32767,32767,32767,32767,32767,32767,32767,32767,32767,32767,32767,32767,32767,32767,29997,29997]} 1. e4 e5 2. Nf3 Nc6 3. Bb5 Nf6 4. O-O Nxe4 5. d4 d5 6. Nxe5 Bd7 7. Nxd7 Qxd7 8. c3 Be7 9. Re1 O-O 10. Nd2 Nxd2 11. Bxd2 Rfe8 12. Qf3 Bf6 13. Bd3 Ne7 14. h4 ({Don't take} 14. Qh5 g6 15. Qf3 Nf5 $14) 14... Kh8 15. g4 Ng8 16. g5 Rxe1+ 17. Rxe1 Bd8 18. Bf5 Qb5 19. Bxh7 Kxh7 20. Qh5+ Nh6 21. gxh6 g6 22. Qe5 f6 23. Qe6 g5 24. Qf7+ Kxh6 25. hxg5+ 1-0

[Event "Czech-ch U18-20 Girls 2022"]
[Site "Spindleruv Mlyn"]
[Date "2022.03.16"]
[Round "6.4"]
[White "Dudova, Pavlina"]
[Black "Leksova, Sona"]
[Result "1-0"]
[WhiteElo "1765"]
[BlackElo "1696"]
[Annotator "NA"]
[PlyCount "93"]
[EventDate "2022.03.13"]
[EventCountry "CZE"]
[SourceTitle "playchess.com"]
[Source "ChessBase"]
[SourceQuality "1"]

1. e4 d5 2. exd5 Qxd5 3. Nc3 Qa5 4. d4 c6 5. Bd2 Qc7 6. Bc4 Nf6 7. Qe2 Bf5 8. Nf3 e6 9. d5 cxd5 10. Nxd5 Nxd5 11. Bxd5 Be7 12. Bb3 Bf6 13. c3 O-O 14. O-O h6 15. Rfd1 Nd7 16. Be3 Bg4 17. h3 Bh5 18. Kh1 Ne5 19. Bf4 Bxf3 20. Qxf3 g5 21. Bxe5 Bxe5 22. Bc2 f5 23. Bb3 Rae8 24. Rd3 Re7 25. Rad1 Kh7 26. Qe2 Bf4 27. g3 Qc6+ 28. Bd5 Qc7 29. Bg2 Qe5 30. Qf3 Bxg3 31. Qxg3 Qe2 32. R1d2 Qe1+ 33. Kh2 e5 34. Rd7 Rff7 35. Rxe7 Rxe7 36. Qd3 e4 37. Qc2 Qa1 38. b3 Rc7 39. Rd1 Rxc3 40. Qd2 Rd3 41. Qxd3 Qe5+ 42. Qg3 f4 43. Qg4 Kg6 44. Bf1 h5 45. Qd7 f3+ 46. Kh1 g4 47. Qd6+ 1-0

[Event "Czech-ch U18-20 Girls 2022"]
[Site "Spindleruv Mlyn"]
[Date "2022.03.16"]
[Round "6.5"]
[White "Trasakova, Adela"]
[Black "Petirova, Iva"]
[Result "1-0"]
[WhiteElo "1904"]
[BlackElo "1685"]
[Annotator "ChessBase"]
[PlyCount "53"]
[EventDate "2022.03.13"]
[EventCountry "CZE"]
[SourceTitle "playchess.com"]
[Source "ChessBase"]
[SourceQuality "1"]

1. d4 c5 2. d5 e5 3. Nc3 d6 4. e4 g6 5. Bc4 Bg7 6. Nf3 Ne7 7. Bd2 a6 8. a4 f5 9. Ng5 h6 10. Ne6 Bxe6 11. dxe6 Nbc6 12. exf5 d5 13. Ba2 Qd6 14. Qg4 Nd4 15. O-O-O h5 16. Qh3 b5 17. Bg5 gxf5 18. Bxe7 Qxe7 19. Nxd5 Qb7 20. c3 O-O-O 21. cxd4 Rxd5 22. Bxd5 Qxd5 23. Qxf5 cxd4 24. Kb1 Kb8 25. Rc1 Bh6 26. Qf6 Rh7 27. e7 1-0

[Event "Czech-ch U18-20 Girls 2022"]
[Site "Spindleruv Mlyn"]
[Date "2022.03.17"]
[Round "7.1"]
[White "Petirova, Iva"]
[Black "Semova, Lada"]
[Result "1-0"]
[WhiteElo "1685"]
[BlackElo "1371"]
[Annotator "NA"]
[PlyCount "57"]
[EventDate "2022.03.13"]
[EventCountry "CZE"]
[SourceTitle "playchess.com"]
[Source "ChessBase"]
[SourceQuality "1"]

1. e4 e5 2. Nf3 Nc6 3. d4 exd4 4. Bc4 Be7 5. Nxd4 Nf6 6. Nc3 d6 7. h3 Bd7 8. O-O Ne5 9. Bb3 Qc8 10. f4 Nc6 11. e5 Ng8 12. Be3 Nh6 13. Qh5 Nxd4 14. Bxd4 Be6 15. exd6 Nf5 16. Bxe6 Qxe6 17. Rae1 Qxd6 18. Nb5 Qd7 19. Nxc7+ Kf8 20. Rd1 Nxd4 21. Nxa8 Qc8 22. Rxd4 Bc5 23. Rfd1 Bxd4+ 24. Rxd4 Qxa8 25. Qc5+ Ke8 26. Re4+ Kd7 27. Re7+ Kd8 28. Qd6+ Kc8 29. Qc7# 1-0

[Event "Czech-ch U18-20 Girls 2022"]
[Site "Spindleruv Mlyn"]
[Date "2022.03.17"]
[Round "7.2"]
[White "Leksova, Sona"]
[Black "Trasakova, Adela"]
[Result "1/2-1/2"]
[WhiteElo "1696"]
[BlackElo "1904"]
[Annotator "ChessBase"]
[PlyCount "63"]
[EventDate "2022.03.13"]
[EventCountry "CZE"]
[SourceTitle "playchess.com"]
[Source "ChessBase"]
[SourceQuality "1"]

1. e4 c6 2. d4 d5 3. exd5 cxd5 4. Nf3 Nf6 5. c3 Qc7 6. Bb5+ Bd7 7. Bxd7+ Nbxd7 8. Nbd2 e6 9. Qc2 Bd6 10. h3 O-O 11. O-O b5 12. Kh1 Rfc8 13. Nb1 b4 14. Qe2 Rab8 15. Be3 Ne4 16. Rc1 Qb7 17. c4 dxc4 18. Rxc4 Nb6 19. Rxc8+ Rxc8 20. Nbd2 Nxd2 21. Nxd2 Nd5 22. Nc4 Bf4 23. b3 Qa6 24. Qd2 Bc7 25. Kg1 Qb7 26. Kh1 Bb8 27. Ne5 Rc3 28. Nc4 Qc7 29. g3 Qc6 30. Kg1 Nxe3 31. Nxe3 h6 32. d5 1/2-1/2

[Event "Czech-ch U18-20 Girls 2022"]
[Site "Spindleruv Mlyn"]
[Date "2022.03.17"]
[Round "7.3"]
[White "Kralova, Gabriela"]
[Black "Dudova, Pavlina"]
[Result "1/2-1/2"]
[WhiteElo "1746"]
[BlackElo "1765"]
[Annotator "NA"]
[PlyCount "67"]
[EventDate "2022.03.13"]
[EventCountry "CZE"]
[SourceTitle "playchess.com"]
[Source "ChessBase"]
[SourceQuality "1"]

1. d4 d5 2. c4 c6 3. Nc3 Nf6 4. Nf3 e6 5. Bg5 Nbd7 6. cxd5 exd5 7. e3 Be7 8. Bd3 O-O 9. O-O Re8 10. Qc2 h6 11. Bf4 Nf8 12. h3 Bd6 13. Bxd6 Qxd6 14. Rab1 N8d7 15. b4 a6 16. Rfc1 Qe7 17. Na4 Ne4 18. Nc5 a5 19. b5 Ndxc5 20. dxc5 Bd7 21. bxc6 Bxc6 22. Nd4 Rec8 23. Rb6 Qe8 24. Bxe4 dxe4 25. Qb2 Qd7 26. Qb1 Qd5 27. Nxc6 bxc6 28. Rb7 Re8 29. a4 Re6 30. Qc2 Rg6 31. Qc4 Qf5 32. Rd1 Qf3 33. Qf1 Qxh3 34. Rdd7 1/2-1/2

[Event "Czech-ch U18-20 Girls 2022"]
[Site "Spindleruv Mlyn"]
[Date "2022.03.17"]
[Round "7.4"]
[White "Stastna, Martina"]
[Black "Rosenbaumova, Lea"]
[Result "1-0"]
[WhiteElo "1847"]
[BlackElo "1838"]
[Annotator "NA"]
[PlyCount "71"]
[EventDate "2022.03.13"]
[EventCountry "CZE"]
[SourceTitle "playchess.com"]
[Source "ChessBase"]
[SourceQuality "1"]

1. e4 c5 2. Nf3 Nc6 3. Bb5 g6 4. O-O Bg7 5. c3 Nf6 6. Re1 O-O 7. Bxc6 bxc6 8. d4 cxd4 9. cxd4 d6 10. Nc3 Re8 11. h3 Bd7 12. e5 Nd5 13. Nxd5 cxd5 14. exd6 e6 {[#]} 15. Bf4 $1 Bf8 16. Ne5 Bc8 17. Qf3 f6 18. Ng4 $16 f5 19. Ne3 Bb7 20. Qg3 Qd7 21. h4 Rad8 22. h5 Qf7 23. Rac1 Rd7 24. Rc7 Red8 25. Rec1 Qe8 26. hxg6 hxg6 27. Rxd7 Rxd7 28. Rc7 Bc8 29. Rxd7 Bxd7 30. Nc2 Qf7 31. Ne1 Bg7 32. Be5 Bf6 33. Nd3 Kg7 34. Nc5 Bc6 35. Qg5 Bb5 36. d7 1-0

[Event "Czech-ch U18-20 Girls 2022"]
[Site "Spindleruv Mlyn"]
[Date "2022.03.17"]
[Round "7.5"]
[White "Lhotska, Anna"]
[Black "Dvorakova, Olga"]
[Result "1-0"]
[WhiteElo "2033"]
[BlackElo "1947"]
[Annotator "ChessBase"]
[PlyCount "39"]
[EventDate "2022.03.13"]
[EventCountry "CZE"]
[SourceTitle "playchess.com"]
[Source "ChessBase"]
[SourceQuality "1"]

1. e4 c6 2. d4 d5 3. f3 Qb6 4. Nc3 dxe4 5. fxe4 e5 6. Nf3 exd4 7. Nxd4 Bc5 8. Na4 Qa5+ 9. c3 Be7 10. Bc4 Nf6 11. O-O O-O 12. b4 Qe5 13. Bf4 Qxe4 14. Qd2 Qg6 15. Rae1 Bd8 16. Bd3 Qg4 17. h3 Qd7 18. Bf5 Qd5 19. Re5 Qd6 20. Bxc8 1-0

[Event "Czech-ch U18-20 Girls 2022"]
[Site "Spindleruv Mlyn"]
[Date "2022.03.18"]
[Round "8.1"]
[White "Semova, Lada"]
[Black "Dvorakova, Olga"]
[Result "0-1"]
[WhiteElo "1371"]
[BlackElo "1947"]
[Annotator "ChessBase"]
[PlyCount "82"]
[EventDate "2022.03.13"]
[EventCountry "CZE"]
[SourceTitle "playchess.com"]
[Source "ChessBase"]
[SourceQuality "1"]

1. e4 c6 2. d4 d5 3. exd5 cxd5 4. c3 Nf6 5. Bd3 Bg4 6. Qc2 Qc7 7. h3 Bh5 8. g4 Bg6 9. Nf3 e6 10. Ne5 Nc6 11. f4 Nxd4 12. Qa4+ Nc6 13. Bb5 Rc8 14. Be3 Bd6 15. Bd4 Be4 16. Rg1 O-O 17. Bxc6 bxc6 18. Qxa7 Qxa7 19. Bxa7 c5 20. Na3 Bxe5 21. fxe5 Nd7 22. Nb5 Nxe5 23. Kf2 f5 24. g5 Nd3+ 25. Ke3 f4+ 26. Kd2 Nxb2 27. Nd6 Rc7 28. Nb5 Rc6 29. a4 f3 30. Ke3 Bd3 31. Kf2 Be2 32. Rgb1 Nd3+ 33. Ke3 e5 34. a5 d4+ 35. Kd2 Nf4 36. Ke1 Nxh3 37. Bb6 Bd3 38. Kd2 Bxb1 39. Rxb1 f2 40. Ke2 Nxg5 41. Nc7 Ne4 0-1

[Event "Czech-ch U18-20 Girls 2022"]
[Site "Spindleruv Mlyn"]
[Date "2022.03.18"]
[Round "8.2"]
[White "Rosenbaumova, Lea"]
[Black "Lhotska, Anna"]
[Result "0-1"]
[WhiteElo "1838"]
[BlackElo "2033"]
[Annotator "ChessBase"]
[PlyCount "34"]
[EventDate "2022.03.13"]
[EventCountry "CZE"]
[SourceTitle "playchess.com"]
[Source "ChessBase"]
[SourceQuality "1"]

1. e4 c5 2. c3 Nf6 3. e5 Nd5 4. Bc4 e6 5. Nf3 d6 6. O-O dxe5 7. Nxe5 Bd6 8. d4 Qc7 9. Re1 cxd4 10. Qxd4 Bxe5 11. Rxe5 Nc6 12. Bb5 Bd7 13. Bxc6 Bxc6 14. c4 Nb4 15. Qf4 O-O-O 16. Re1 Qxf4 17. Bxf4 Nd3 0-1

[Event "Czech-ch U18-20 Girls 2022"]
[Site "Spindleruv Mlyn"]
[Date "2022.03.18"]
[Round "8.3"]
[White "Dudova, Pavlina"]
[Black "Stastna, Martina"]
[Result "1-0"]
[WhiteElo "1765"]
[BlackElo "1847"]
[Annotator "NA"]
[PlyCount "117"]
[EventDate "2022.03.13"]
[EventCountry "CZE"]
[SourceTitle "playchess.com"]
[Source "ChessBase"]
[SourceQuality "1"]

1. e4 e5 2. Nf3 Nc6 3. Bb5 a6 4. Ba4 Nf6 5. O-O b5 6. Bb3 Be7 7. Re1 O-O 8. h3 d6 9. c3 Na5 10. Bc2 c5 11. d4 Qc7 12. Nbd2 Nc6 13. d5 Nd8 14. a4 Rb8 15. axb5 axb5 16. b4 c4 17. Nf1 Ne8 18. Ng3 g6 19. Nh2 f6 20. Be3 Ng7 21. Qd2 Nf7 22. f3 Kh8 $16 (22... f5 $14 23. exf5 (23. Ra7 Rb7 $11) 23... Nxf5 24. Nxf5 Bxf5) 23. Ra2 f5 24. Bf2 f4 25. Ngf1 g5 26. Rea1 h5 27. Bd1 Bb7 28. Qb2 Ra8 29. Nd2 Rxa2 30. Rxa2 Ra8 31. Nb1 Ra6 32. Qa1 Qc8 33. Rxa6 Bxa6 34. Qa5 Bd8 35. Bb6 Bxb6+ 36. Qxb6 Ne8 37. Na3 Nc7 38. Nf1 Qb7 39. Qxb7 Bxb7 40. Kf2 Kg7 41. Be2 Kf6 42. Bd1 Ke7 43. Ke1 Nh8 44. Kf2 Ng6 45. Be2 Kd7 46. Bd1 Ba6 47. Nd2 Ke7 48. Be2 Nf8 49. Ke1 Nd7 50. Kd1 Nb6 51. Kc2 Bc8 52. Nf1 Kf6 53. Kd2 Bd7 54. Bd1 Kg6 55. Nh2 Ne8 56. Ke1 Nf6 57. Kf2 Kh6 58. Kg1 Kg6 59. Kf2 1-0

[Event "Czech-ch U18-20 Girls 2022"]
[Site "Spindleruv Mlyn"]
[Date "2022.03.18"]
[Round "8.4"]
[White "Trasakova, Adela"]
[Black "Kralova, Gabriela"]
[Result "1-0"]
[WhiteElo "1904"]
[BlackElo "1746"]
[Annotator "NA"]
[PlyCount "81"]
[EventDate "2022.03.13"]
[EventCountry "CZE"]
[SourceTitle "playchess.com"]
[Source "ChessBase"]
[SourceQuality "1"]

1. d4 Nf6 2. Nf3 e6 3. g3 c5 4. Bg2 Nc6 5. O-O d5 6. c4 cxd4 7. Nxd4 Bc5 8. Nb3 Bb6 9. cxd5 exd5 10. Nc3 d4 11. Nb5 (11. Na4 $1 $14) 11... O-O 12. Bxc6 bxc6 13. N5xd4 Bh3 14. Re1 Qd5 15. Nf3 Qh5 16. Nbd2 Rad8 $19 ({Stronger than} 16... Qc5 17. e3 $15) 17. Qa4 Ng4 18. e3 Qd5 19. Qc4 Qd6 20. Qc3 Qd5 21. Qc4 Qd6 22. Ne4 Qh6 23. Ned2 Rd5 24. Qe2 Rh5 25. Nh4 g5 26. Nf5 Qf6 27. Qf3 Re8 28. Ne4 Qe5 29. Nfd6 Re7 30. Rd1 f5 31. Nc3 Nf6 32. Qxc6 Bg4 33. Rd3 Rc7 34. Qa8+ Kg7 35. Ndb5 Re7 36. b3 Ne4 37. Bb2 Kg6 38. Rb1 Nxf2 39. Nd5 Nxd3 40. Bxe5 Nxe5 41. Nxe7+ 1-0

[Event "Czech-ch U18-20 Girls 2022"]
[Site "Spindleruv Mlyn"]
[Date "2022.03.18"]
[Round "8.5"]
[White "Petirova, Iva"]
[Black "Leksova, Sona"]
[Result "0-1"]
[WhiteElo "1685"]
[BlackElo "1696"]
[Annotator "NA"]
[PlyCount "90"]
[EventDate "2022.03.13"]
[EventCountry "CZE"]
[SourceTitle "playchess.com"]
[Source "ChessBase"]
[SourceQuality "1"]

1. e4 d6 2. d4 Nf6 3. Nc3 g6 4. Bc4 Nbd7 5. Nge2 Bg7 6. f3 c5 7. Be3 b6 8. Qd2 O-O 9. h4 Qc7 10. Nd5 Nxd5 11. Bxd5 Bb7 12. Bxb7 Qxb7 13. Bh6 cxd4 14. Bxg7 Kxg7 15. Nxd4 d5 16. O-O-O dxe4 17. h5 Kh8 18. Rh3 Nf6 19. hxg6 fxg6 20. Ne6 Rf7 21. Rdh1 Qc8 22. Nf4 Qf5 23. Rh6 Rg8 24. Nh3 exf3 25. gxf3 Rfg7 26. Ng5 Nh5 27. Kb1 Rc8 28. a3 Rf8 29. f4 Qxf4 30. Qxf4 Rxf4 31. Ne6 Rf6 32. Nxg7 Kxg7 33. R6xh5 gxh5 34. Rxh5 Kg6 35. Rh1 h5 36. b4 Rf4 37. Kb2 h4 38. c3 Kf5 39. a4 Kg4 40. Re1 Rf7 41. a5 bxa5 42. bxa5 h3 43. Re4+ Kf3 44. Rh4 Kg3 45. Rh8 Rg7 0-1

[Event "Czech-ch U18-20 Girls 2022"]
[Site "Spindleruv Mlyn"]
[Date "2022.03.19"]
[Round "9.1"]
[White "Leksova, Sona"]
[Black "Semova, Lada"]
[Result "1-0"]
[WhiteElo "1696"]
[BlackElo "1371"]
[Annotator "NA"]
[PlyCount "69"]
[EventDate "2022.03.13"]
[EventCountry "CZE"]
[SourceTitle "playchess.com"]
[Source "ChessBase"]
[SourceQuality "1"]

1. e4 e5 2. Nf3 Nc6 3. Bb5 d6 4. h3 Bd7 5. O-O g6 6. d4 exd4 7. Bxc6 Bxc6 8. Qxd4 f6 9. Re1 Bg7 10. Nc3 Ne7 11. Nd5 O-O 12. Qd3 Re8 13. Bd2 Qd7 14. Re3 Rad8 15. Rae1 b6 16. Nxe7+ Rxe7 17. Nd4 Bb7 18. f4 Bh6 19. Rg3 Kf7 20. h4 Rde8 21. f5 Bxd2 22. fxg6+ hxg6 23. e5 f5 24. e6+ Rxe6 25. Rxe6 Rxe6 26. Nxe6 Qxe6 27. Qxd2 Qe5 28. Qc3 Qe7 29. h5 g5 30. h6 Kg6 31. Qh8 Bd5 32. h7 Qe6 33. Qd8 g4 34. h8=Q f4 35. Qhe8+ 1-0

[Event "Czech-ch U18-20 Girls 2022"]
[Site "Spindleruv Mlyn"]
[Date "2022.03.19"]
[Round "9.2"]
[White "Kralova, Gabriela"]
[Black "Petirova, Iva"]
[Result "1/2-1/2"]
[WhiteElo "1746"]
[BlackElo "1685"]
[Annotator "NA"]
[PlyCount "61"]
[EventDate "2022.03.13"]
[EventCountry "CZE"]
[SourceTitle "playchess.com"]
[Source "ChessBase"]
[SourceQuality "1"]

1. d4 d5 2. c4 e6 3. Nc3 c6 4. Nf3 dxc4 5. a4 Bb4 6. Bd2 a5 7. e3 b5 8. Ne5 Bb7 9. Qg4 g6 10. h4 Nf6 11. Qg5 Nbd7 12. Nxd7 Nxd7 13. Qxd8+ Kxd8 14. axb5 Bxc3 15. Bxc3 cxb5 16. Rxa5 Rxa5 17. Bxa5+ Ke7 18. Bb4+ Kf6 19. Kd2 Ra8 20. f3 Ra4 21. Kc3 Nb6 22. e4 Ra1 23. g4 Na4+ 24. Kc2 g5 25. hxg5+ Kxg5 26. Bd2+ Kg6 27. Bg2 Rxh1 28. Bxh1 h5 29. gxh5+ Kxh5 30. Bf4 Nb6 31. b3 1/2-1/2

[Event "Czech-ch U18-20 Girls 2022"]
[Site "Spindleruv Mlyn"]
[Date "2022.03.19"]
[Round "9.3"]
[White "Stastna, Martina"]
[Black "Trasakova, Adela"]
[Result "1-0"]
[WhiteElo "1847"]
[BlackElo "1904"]
[Annotator "ChessBase"]
[PlyCount "79"]
[EventDate "2022.03.13"]
[EventCountry "CZE"]
[SourceTitle "playchess.com"]
[Source "ChessBase"]
[SourceQuality "1"]

1. e4 c6 2. d4 d5 3. exd5 cxd5 4. Bd3 Nc6 5. c3 Qc7 6. Be3 Nf6 7. h3 e5 8. dxe5 Nxe5 9. Nf3 Nxd3+ 10. Qxd3 Be6 11. Nbd2 a6 12. a4 g6 13. Nd4 Bg7 14. O-O O-O 15. Rfe1 Rfe8 16. Qc2 Ne4 17. Nxe6 Rxe6 18. a5 Rae8 19. Nf3 f5 20. Red1 f4 21. Bb6 Qf7 22. Qb3 Rd6 23. Rd3 Re7 24. Rad1 Red7 25. Nd4 g5 26. Nc2 Bf8 27. Qa2 Kh8 28. Bd4+ Bg7 29. Bxg7+ Kxg7 30. Nb4 Nf6 31. c4 g4 32. hxg4 Nxg4 33. Nxd5 Qh5 34. Rh3 Qe5 35. Qb1 h5 36. b3 f3 37. gxf3 Nxf2 38. Kxf2 Re6 39. Qa1 Rxd5 40. cxd5 1-0

[Event "Czech-ch U18-20 Girls 2022"]
[Site "Spindleruv Mlyn"]
[Date "2022.03.19"]
[Round "9.4"]
[White "Lhotska, Anna"]
[Black "Dudova, Pavlina"]
[Result "0-1"]
[WhiteElo "2033"]
[BlackElo "1765"]
[Annotator "ChessBase"]
[PlyCount "102"]
[EventDate "2022.03.13"]
[EventCountry "CZE"]
[SourceTitle "playchess.com"]
[Source "ChessBase"]
[SourceQuality "1"]

1. e4 e6 2. b3 d5 3. Bb2 d4 4. Nf3 c5 5. c3 dxc3 6. Nxc3 Nf6 7. d4 cxd4 8. Qxd4 Qxd4 9. Nxd4 a6 10. Bd3 Be7 11. O-O O-O 12. e5 Nfd7 13. f4 Bc5 14. Ne4 Bb6 15. Kh1 Nc5 16. Nxc5 Bxc5 17. Be4 Ra7 18. Rac1 b6 19. f5 exf5 20. Nxf5 Be6 21. Nd4 Rd8 22. Nxe6 fxe6 23. Rcd1 Rad7 24. Rxd7 Rxd7 25. Bc3 a5 26. h3 Na6 27. Kh2 Nb4 28. a3 Nd5 29. Bxd5 Rxd5 30. b4 axb4 31. axb4 Bd4 32. Rf3 Bxe5+ 33. Bxe5 Rxe5 34. Rf4 g5 35. Rd4 Kg7 36. Kg3 Kf6 37. h4 h6 38. hxg5+ hxg5 39. Kf3 Rd5 40. Re4 Kf5 41. g4+ Kf6 42. Kf2 Rd3 43. Ke2 Rb3 44. Kd2 Rf3 45. Rd4 Rf4 46. Kc3 Ke7 47. Kd3 Rxd4+ 48. Kxd4 Kd6 49. Ke4 b5 50. Kd4 e5+ 51. Ke4 Ke6 0-1

[Event "Czech-ch U18-20 Girls 2022"]
[Site "Spindleruv Mlyn"]
[Date "2022.03.19"]
[Round "9.5"]
[White "Dvorakova, Olga"]
[Black "Rosenbaumova, Lea"]
[Result "1-0"]
[WhiteElo "1947"]
[BlackElo "1838"]
[Annotator "ChessBase"]
[PlyCount "89"]
[EventDate "2022.03.13"]
[EventCountry "CZE"]
[SourceTitle "playchess.com"]
[Source "ChessBase"]
[SourceQuality "1"]

1. d4 d5 2. c4 e6 3. Nc3 Nf6 4. cxd5 exd5 5. Bg5 Bb4 6. e3 O-O 7. Bd3 Nbd7 8. Nf3 h6 9. Bh4 c6 10. O-O Re8 11. Qc2 Bd6 12. Rab1 b6 13. b4 Bb7 14. Rfe1 Qc7 15. a3 Rac8 16. Bf5 Be7 17. Rec1 Rcd8 18. Nb5 Qb8 19. Bg3 Qc8 20. Nxa7 Qa8 21. Nxc6 Bxc6 22. Qxc6 Qxa3 23. Bc7 Bxb4 24. Bxd8 Rxd8 25. Bxd7 Nxd7 26. Qxd5 Be7 27. Ra1 Qb2 28. Rcb1 Qc2 29. Rc1 Qb2 30. Qe4 Bf6 31. Qc2 Qb4 32. Qc4 Qe7 33. Qc7 Qe8 34. Ra7 Qe6 35. Qc6 Qe8 36. h3 Kf8 37. e4 Kg8 38. e5 Be7 39. d5 Bf8 40. Re1 Bb4 41. Re4 Bc5 42. Qc7 Bf8 43. e6 fxe6 44. Rxe6 Be7 45. d6 1-0